Fundamentals of Agriculture Volume II (Record no. 5741)

MARC details
000 -LEADER
fixed length control field 00397nam a22001577a 4500
005 - DATE AND TIME OF LATEST TRANSACTION
control field 20181006114404.0
008 - FIXED-LENGTH DATA ELEMENTS--GENERAL INFORMATION
fixed length control field 181006b xxu||||| |||| 00| 0 eng d
020 ## - INTERNATIONAL STANDARD BOOK NUMBER
ISBN 81-86099-92-1
041 ## - LANGUAGE CODE
Language code of text/sound track or separate title eng
100 ## - MAIN ENTRY--AUTHOR NAME
Personal name Katyayan,Arun
245 ## - TITLE STATEMENT
Title Fundamentals of Agriculture Volume II
250 ## - EDITION STATEMENT
Edition statement 7
260 ## - PUBLICATION, DISTRIBUTION, ETC. (IMPRINT)
Place of publication Varanasi
Name of publisher Kaushal Publication
Year of publication 218
650 ## - SUBJECT ADDED ENTRY--TOPICAL TERM
Topical Term Agriculture
942 ## - ADDED ENTRY ELEMENTS (KOHA)
Koha item type Books
Holdings
Lost status Damaged status Collection code Home library Current library Shelving location Date acquired Source of acquisition Cost, normal purchase price Full call number Accession Number Koha item type
    AGRICULTURE JRU Library JRU Library SHELF-46-I 06/10/2018 PURCHASE 350.00 630 22416 Books
    AGRICULTURE JRU Library JRU Library SHELF-46-I 06/10/2018 PURCHASE 350.00 630 22417 Books
    AGRICULTURE JRU Library JRU Library SHELF-46-I 06/10/2018 PURCHASE 350.00 630 22418 Books
    Reference JRU Library JRU Library SHELF-2-C 06/10/2018 PURCHASE 350.00 630 22419 Books
    AGRICULTURE JRU Library JRU Library SHELF-46-I 06/10/2018 PURCHASE 350.00 630 22420 Books
    AGRICULTURE JRU Library JRU Library SHELF-46-I 06/10/2018 PURCHASE 350.00 630 22421 Books